| 000 | 01149cam a2200313 a 4500 | ||
|---|---|---|---|
| 001 | 28796 | ||
| 003 | BD-RjUL | ||
| 005 | 20211209051329.0 | ||
| 008 | 140401s1963 enk b 001 0 eng | ||
| 020 | _a0415285941 (pbk.) | ||
| 035 | _a(BD-RjUL)28878 | ||
| 040 |
_aDLC _cDLC _dDLC _dBD-RjUL _beng |
||
| 041 | _aeng | ||
| 082 | 0 | 0 |
_a121 _221 _bPOC 1963 |
| 100 | 1 |
_aPopper, Karl R. _q(Karl Raimund), _d1902-1994. _9290 |
|
| 245 | 1 | 0 |
_aConjectures and refutations : _bthe growth of scientific knowledge / _cKarl Popper. |
| 260 |
_aLondon ; _aNew York : _bRoutledge, _cc1963. |
||
| 300 |
_axiii, 412 p. ; _c21 cm. |
||
| 504 | _aIncludes bibliographical references and indexes. | ||
| 650 | 0 |
_aMethodology. _988059 |
|
| 650 | 0 |
_aKnowledge, Theory of. _988060 |
|
| 650 | 0 |
_aScience _xMethodology. _988061 |
|
| 650 | 0 |
_aPrediction (Logic) _988062 |
|
| 856 | 4 | 2 |
_3Publisher description _uhttp://www.loc.gov/catdir/enhancements/fy0650/2002067998-d.html |
| 856 | 4 | 2 |
_3Contributor biographical information _uhttp://www.loc.gov/catdir/enhancements/fy1101/2002067998-b.html |
| 942 |
_2ddc _cBK |
||
| 999 |
_c28796 _d28796 |
||